[Event "DEM U12w 2024"]
[Site "Willingen GER"]
[Date "2024.05.20"]
[Round "3"]
[White "Jamalli, Malak"]
[Black "Weyerer, Elea"]
[Result "0-1"]
[Termination "normal"]
[Board "19"]
[WhiteElo "1197"]
[BlackElo "1507"]
[WhiteClock "01:01:16"]
[BlackClock "00:55:32"]
[PlyCount "56"]
[WhiteFideId "533000689"]
[BlackFideId "34605770"]
[EventCountry "GER"]
[EventRounds "9"]
[EventType "swiss"]
[EventDate "2024.05.18"]

1. e4 {[%clk 01:30:57]} {[%emt 00:00:02]} e6 {[%clk 01:30:54]} {[%emt
00:00:06]} 2. d4 {[%clk 01:31:22]} {[%emt 00:00:06]} d5 {[%clk 01:31:18]}
{[%emt 00:00:05]} 3. e5 {[%clk 01:31:43]} {[%emt 00:00:09]} c5 {[%clk
01:31:41]} {[%emt 00:00:08]} 4. c3 {[%clk 01:32:03]} {[%emt 00:00:10]} Qb6
{[%clk 01:32:02]} {[%emt 00:00:08]} 5. Nf3 {[%clk 01:32:12]} {[%emt 00:00:21]}
Bd7 {[%clk 01:32:25]} {[%emt 00:00:07]} 6. Be2 {[%clk 01:32:08]} {[%emt
00:00:33]} cxd4 {[%clk 01:32:48]} {[%emt 00:00:08]} 7. cxd4 {[%clk 01:32:24]}
{[%emt 00:00:14]} Bb5 {[%clk 01:33:12]} {[%emt 00:00:07]} 8. Bxb5+ {[%clk
01:31:38]} {[%emt 00:01:15]} Qxb5 {[%clk 01:33:36]} {[%emt 00:00:06]} 9. b3
{[%clk 01:31:05]} {[%emt 00:01:03]} Nc6 {[%clk 01:32:23]} {[%emt 00:01:43]} 10.
Kd2 {[%clk 01:29:19]} {[%emt 00:01:48]} Rc8 {[%clk 01:26:49]} {[%emt 00:06:15]}
11. Ke1 {[%clk 01:27:17]} {[%emt 00:02:32]} Bb4+ {[%clk 01:25:45]} {[%emt
00:01:34]} 12. Bd2 {[%clk 01:26:40]} {[%emt 00:01:07]} Bxd2+ {[%clk 01:25:29]}
{[%emt 00:00:46]} 13. Qxd2 {[%clk 01:26:07]} {[%emt 00:01:04]} Nb4 {[%clk
01:22:50]} {[%emt 00:03:09]} 14. Nc3 {[%clk 01:24:37]} {[%emt 00:02:00]} Qa5
{[%clk 01:22:10]} {[%emt 00:01:01]} 15. Rc1 {[%clk 01:23:07]} {[%emt 00:02:08]}
Qa6 {[%clk 01:17:50]} {[%emt 00:04:51]} 16. Kd1 {[%clk 01:16:27]} {[%emt
00:07:10]} Ne7 {[%clk 01:13:56]} {[%emt 00:04:22]} 17. Na4 {[%clk 01:14:20]}
{[%emt 00:02:38]} Rxc1+ {[%clk 01:07:08]} {[%emt 00:07:18]} 18. Qxc1 {[%clk
01:13:26]} {[%emt 00:01:25]} Qd3+ {[%clk 00:56:43]} {[%emt 00:10:51]} 19. Qd2
{[%clk 01:12:56]} {[%emt 00:01:04]} Qb1+ {[%clk 00:56:12]} {[%emt 00:00:57]}
20. Qc1 {[%clk 01:12:52]} {[%emt 00:00:37]} Qd3+ {[%clk 00:55:57]} {[%emt
00:00:42]} 21. Qd2 {[%clk 01:12:59]} {[%emt 00:00:27]} Qb1+ {[%clk 00:56:04]}
{[%emt 00:00:21]} 22. Qc1 {[%clk 01:12:48]} {[%emt 00:00:43]} Qxa2 {[%clk
00:55:19]} {[%emt 00:01:15]} 23. Qc3 {[%clk 01:08:14]} {[%emt 00:05:04]} Qb1+
{[%clk 00:54:27]} {[%emt 00:01:18]} 24. Qc1 {[%clk 01:04:44]} {[%emt 00:04:03]}
Qxb3+ {[%clk 00:54:31]} {[%emt 00:00:27]} 25. Ke2 {[%clk 01:01:06]} {[%emt
00:04:07]} Qd3+ {[%clk 00:54:52]} {[%emt 00:00:09]} 26. Ke1 {[%clk 01:00:51]}
{[%emt 00:00:45]} Nc2+ {[%clk 00:55:14]} {[%emt 00:00:08]} 27. Qxc2 {[%clk
01:00:54]} {[%emt 00:00:28]} Qxc2 {[%clk 00:55:35]} {[%emt 00:00:08]} 28. Kf1
{[%clk 01:01:16]} {[%emt 00:00:08]} Qc4+ {[%clk 00:55:32]} {[%emt 00:00:25]}
0-1

[Event "DEM U12w 2024"]
[Site "Willingen GER"]
[Date "2024.05.20"]
[Round "3"]
[White "Alnajjar, Sara"]
[Black "Baklan, Kira"]
[Result "0-1"]
[Termination "normal"]
[Board "20"]
[WhiteElo "1194"]
[BlackElo "1264"]
[WhiteClock "00:47:06"]
[BlackClock "01:05:52"]
[PlyCount "146"]
[WhiteFideId "34668659"]
[BlackFideId "34186514"]
[EventCountry "GER"]
[EventRounds "9"]
[EventType "swiss"]
[EventDate "2024.05.18"]

1. e4 {[%clk 01:30:59]} e6 {[%clk 01:30:55]} {[%emt 00:00:06]} 2. d4 {[%clk
01:30:57]} {[%emt 00:00:32]} d5 {[%clk 01:31:16]} {[%emt 00:00:09]} 3. Nc3
{[%clk 01:30:27]} {[%emt 00:00:59]} Nf6 {[%clk 01:31:39]} {[%emt 00:00:08]} 4.
Bd3 {[%clk 01:27:16]} {[%emt 00:03:40]} Bb4 {[%clk 01:30:00]} {[%emt 00:02:09]}
5. e5 {[%clk 01:26:25]} {[%emt 00:01:21]} Nfd7 {[%clk 01:30:22]} {[%emt
00:00:09]} 6. a3 {[%clk 01:26:11]} {[%emt 00:00:43]} Be7 {[%clk 01:30:40]}
{[%emt 00:00:13]} 7. Qg4 {[%clk 01:25:46]} {[%emt 00:00:53]} g6 {[%clk
01:28:40]} {[%emt 00:02:31]} 8. b4 {[%clk 01:24:30]} {[%emt 00:01:46]} a5
{[%clk 01:26:50]} {[%emt 00:02:21]} 9. b5 {[%clk 01:23:14]} {[%emt 00:01:44]}
c5 {[%clk 01:26:06]} {[%emt 00:01:15]} 10. Be3 {[%clk 01:17:36]} {[%emt
00:06:06]} c4 {[%clk 01:26:12]} {[%emt 00:00:26]} 11. Be2 {[%clk 01:17:13]}
{[%emt 00:00:53]} Nb6 {[%clk 01:20:52]} {[%emt 00:05:51]} 12. Bh6 {[%clk
01:13:00]} {[%emt 00:04:40]} Bf8 {[%clk 01:18:20]} {[%emt 00:03:04]} 13. Bg5
{[%clk 01:08:28]} {[%emt 00:05:00]} Be7 {[%clk 01:18:11]} {[%emt 00:00:42]} 14.
f4 {[%clk 01:07:45]} {[%emt 00:01:12]} Bxg5 {[%clk 01:18:11]} {[%emt 00:00:30]}
15. fxg5 {[%clk 01:07:12]} {[%emt 00:01:03]} a4 {[%clk 01:16:23]} {[%emt
00:02:18]} 16. h4 {[%clk 01:05:16]} {[%emt 00:02:25]} h5 {[%clk 01:16:07]}
{[%emt 00:00:47]} 17. Qf3 {[%clk 01:05:29]} {[%emt 00:00:13]} Bd7 {[%clk
01:16:05]} {[%emt 00:00:36]} 18. Nh3 {[%clk 01:05:12]} {[%emt 00:00:45]} Ra5
{[%clk 01:16:06]} {[%emt 00:00:32]} 19. Rb1 {[%clk 01:04:56]} {[%emt 00:00:46]}
Qe7 {[%clk 01:16:05]} {[%emt 00:00:30]} 20. Rb4 {[%clk 01:04:42]} {[%emt
00:00:44]} O-O {[%clk 01:10:25]} {[%emt 00:06:11]} 21. O-O {[%clk 01:03:35]}
{[%emt 00:01:36]} Qe8 {[%clk 01:09:57]} {[%emt 00:00:57]} 22. Rfb1 {[%clk
01:03:22]} {[%emt 00:00:43]} Nc8 {[%clk 01:01:17]} {[%emt 00:09:11]} 23. g4
{[%clk 00:58:41]} {[%emt 00:05:11]} hxg4 {[%clk 01:00:16]} {[%emt 00:01:31]}
24. Qxg4 {[%clk 00:58:40]} {[%emt 00:00:29]} Kg7 {[%clk 01:00:11]} {[%emt
00:00:37]} 25. h5 {[%clk 00:54:41]} {[%emt 00:04:30]} gxh5 {[%clk 00:58:30]}
{[%emt 00:02:10]} 26. Qxh5 {[%clk 00:54:34]} {[%emt 00:00:37]} Rh8 {[%clk
00:58:51]} {[%emt 00:00:09]} 27. Qf3 {[%clk 00:54:05]} {[%emt 00:00:53]} f5
{[%clk 00:57:56]} {[%emt 00:01:31]} 28. gxf6+ {[%clk 00:53:49]} {[%emt
00:00:46]} Kf8 {[%clk 00:57:37]} {[%emt 00:00:47]} 29. Qg4 {[%clk 00:52:46]}
{[%emt 00:01:35]} Rg8 {[%clk 00:58:00]} {[%emt 00:00:08]} 30. Ng5 {[%clk
00:53:07]} {[%emt 00:00:08]} Qg6 {[%clk 00:57:44]} {[%emt 00:00:42]} 31. Nxe6+
{[%clk 00:51:39]} {[%emt 00:02:03]} Bxe6 {[%clk 00:58:07]} {[%emt 00:00:06]}
32. Qxg6 {[%clk 00:51:57]} {[%emt 00:00:13]} Rxg6+ {[%clk 00:58:32]} {[%emt
00:00:05]} 33. Kf2 {[%clk 00:52:11]} {[%emt 00:00:15]} Nb6 {[%clk 00:58:21]}
{[%emt 00:00:41]} 34. Rh1 {[%clk 00:52:00]} {[%emt 00:00:41]} N8d7 {[%clk
00:57:02]} {[%emt 00:01:50]} 35. Rh8+ {[%clk 00:50:44]} {[%emt 00:01:46]} Rg8
{[%clk 00:57:26]} {[%emt 00:00:05]} 36. Rh7 {[%clk 00:50:53]} {[%emt 00:00:19]}
Bf5 {[%clk 00:56:49]} {[%emt 00:01:09]} 37. Re7 {[%clk 00:49:43]} {[%emt
00:01:39]} Nc8 {[%clk 00:57:14]} {[%emt 00:00:06]} 38. Rg7 {[%clk 00:49:21]}
{[%emt 00:00:50]} Rxg7 {[%clk 00:57:34]} {[%emt 00:00:12]} 39. fxg7+ {[%clk
00:49:49]} {[%emt 00:00:02]} Kxg7 {[%clk 00:57:58]} {[%emt 00:00:06]} 40. Rb2
{[%clk 00:49:12]} {[%emt 00:01:07]} Ndb6 {[%clk 00:58:10]} {[%emt 00:00:18]}
41. Ke3 {[%clk 00:48:41]} {[%emt 00:01:00]} Ne7 {[%clk 00:58:18]} {[%emt
00:00:21]} 42. Kd2 {[%clk 00:47:54]} {[%emt 00:01:19]} Bd7 {[%clk 00:58:09]}
{[%emt 00:00:38]} 43. Ke3 {[%clk 00:45:32]} {[%emt 00:02:53]} Nf5+ {[%clk
00:58:27]} {[%emt 00:00:11]} 44. Kf4 {[%clk 00:44:38]} {[%emt 00:01:25]} Nxd4
{[%clk 00:58:49]} {[%emt 00:00:08]} 45. Kg5 {[%clk 00:43:55]} {[%emt 00:01:12]}
Nxe2 {[%clk 00:59:06]} {[%emt 00:00:14]} 46. Nxe2 {[%clk 00:44:17]} {[%emt
00:00:06]} Rxb5 {[%clk 00:59:26]} {[%emt 00:00:13]} 47. Rxb5 {[%clk 00:44:05]}
{[%emt 00:00:42]} Bxb5 {[%clk 00:59:50]} {[%emt 00:00:05]} 48. Nd4 {[%clk
00:44:20]} {[%emt 00:00:14]} Bc6 {[%clk 01:00:03]} {[%emt 00:00:19]} 49. c3
{[%clk 00:44:06]} {[%emt 00:00:44]} Kf7 {[%clk 00:59:46]} {[%emt 00:00:44]} 50.
e6+ {[%clk 00:43:46]} {[%emt 00:00:52]} Ke7 {[%clk 01:00:05]} {[%emt 00:00:07]}
51. Kf5 {[%clk 00:43:55]} {[%emt 00:00:24]} Nc8 {[%clk 01:00:16]} {[%emt
00:00:18]} 52. Ke5 {[%clk 00:44:11]} {[%emt 00:00:15]} Kd8 {[%clk 00:59:12]}
{[%emt 00:01:30]} 53. Nf5 {[%clk 00:44:19]} {[%emt 00:00:26]} Ne7 {[%clk
00:59:33]} {[%emt 00:00:10]} 54. Nxe7 {[%clk 00:44:08]} {[%emt 00:00:41]} Kxe7
{[%clk 00:59:58]} {[%emt 00:00:05]} 55. Kd4 {[%clk 00:44:11]} {[%emt 00:00:27]}
Kxe6 {[%clk 01:00:21]} {[%emt 00:00:08]} 56. Ke3 {[%clk 00:44:15]} {[%emt
00:00:25]} Ke5 {[%clk 01:00:46]} {[%emt 00:00:05]} 57. Kd2 {[%clk 00:44:37]}
{[%emt 00:00:08]} Ke4 {[%clk 01:01:10]} {[%emt 00:00:06]} 58. Ke2 {[%clk
00:44:56]} {[%emt 00:00:11]} d4 {[%clk 01:01:29]} {[%emt 00:00:11]} 59. cxd4
{[%clk 00:45:13]} {[%emt 00:00:13]} Kxd4 {[%clk 01:01:56]} {[%emt 00:00:03]}
60. Kd2 {[%clk 00:45:20]} {[%emt 00:00:23]} Be4 {[%clk 01:02:11]} {[%emt
00:00:15]} 61. Kd1 {[%clk 00:45:05]} {[%emt 00:00:45]} Kd3 {[%clk 01:02:29]}
{[%emt 00:00:12]} 62. Kc1 {[%clk 00:44:15]} {[%emt 00:01:20]} Kc3 {[%clk
01:02:43]} {[%emt 00:00:16]} 63. Kd1 {[%clk 00:44:36]} {[%emt 00:00:09]} Kb2
{[%clk 01:03:09]} {[%emt 00:00:04]} 64. Kd2 {[%clk 00:44:57]} {[%emt 00:00:09]}
c3 {[%clk 01:03:33]} {[%emt 00:00:06]} 65. Ke3 {[%clk 00:45:21]} {[%emt
00:00:06]} Bc6 {[%clk 01:03:58]} {[%emt 00:00:06]} 66. Kd4 {[%clk 00:45:25]}
{[%emt 00:00:25]} c2 {[%clk 01:04:22]} {[%emt 00:00:06]} 67. Ke5 {[%clk
00:45:35]} {[%emt 00:00:21]} c1=Q {[%clk 01:04:41]} {[%emt 00:00:10]} 68. Kd4
{[%clk 00:45:50]} {[%emt 00:00:13]} Qf4+ {[%clk 01:05:03]} {[%emt 00:00:09]}
69. Kc5 {[%clk 00:46:09]} {[%emt 00:00:12]} Qe5+ {[%clk 01:05:26]} {[%emt
00:00:08]} 70. Kb6 {[%clk 00:46:26]} {[%emt 00:00:13]} Kb3 {[%clk 01:05:07]}
{[%emt 00:00:49]} 71. Ka7 {[%clk 00:46:45]} {[%emt 00:00:10]} Kc4 {[%clk
01:05:31]} {[%emt 00:00:06]} 72. Kb6 {[%clk 00:46:51]} {[%emt 00:00:20]} Qb8
{[%clk 01:05:37]} {[%emt 00:00:26]} 73. Ka5 {[%clk 00:47:06]} {[%emt 00:00:17]}
Qa7# {[%clk 01:05:52]} {[%emt 00:00:15]} 0-1

[Event "DEM U12w 2024"]
[Site "Willingen GER"]
[Date "2024.05.20"]
[Round "3"]
[White "Guliyeva, Zahra"]
[Black "Prasannavenkatesan, Ananya"]
[Result "1-0"]
[Termination "normal"]
[Board "21"]
[WhiteElo "1093"]
[BlackElo "1585"]
[WhiteClock "00:55:04"]
[BlackClock "00:24:57"]
[PlyCount "81"]
[WhiteFideId "34630198"]
[BlackFideId "34682724"]
[EventCountry "GER"]
[EventRounds "9"]
[EventType "swiss"]
[EventDate "2024.05.18"]

1. c4 {[%clk 01:30:59]} {[%emt 18:48:03]} e5 {[%clk 01:30:54]} {[%emt
00:00:06]} 2. g3 {[%clk 01:31:25]} {[%emt 00:00:03]} Nc6 {[%clk 01:31:16]}
{[%emt 00:00:09]} 3. Bg2 {[%clk 01:31:50]} {[%emt 00:00:05]} Bc5 {[%clk
01:31:35]} {[%emt 00:00:10]} 4. e3 {[%clk 01:32:10]} {[%emt 00:00:10]} a6
{[%clk 01:31:57]} {[%emt 00:00:08]} 5. a4 {[%clk 01:31:34]} {[%emt 00:01:06]}
Ba7 {[%clk 01:32:12]} {[%emt 00:00:16]} 6. Ne2 {[%clk 01:31:57]} {[%emt
00:00:07]} d6 {[%clk 01:32:30]} {[%emt 00:00:11]} 7. O-O {[%clk 01:32:21]}
{[%emt 00:00:06]} h5 {[%clk 01:32:42]} {[%emt 00:00:18]} 8. h4 {[%clk
01:32:14]} {[%emt 00:00:38]} g5 {[%clk 01:32:49]} {[%emt 00:00:22]} 9. hxg5
{[%clk 01:29:06]} {[%emt 00:03:39]} Qxg5 {[%clk 01:32:57]} {[%emt 00:00:22]}
10. f4 {[%clk 01:26:57]} {[%emt 00:02:39]} Qg6 {[%clk 01:30:00]} {[%emt
00:03:25]} 11. Nbc3 {[%clk 01:23:02]} {[%emt 00:04:27]} Nge7 {[%clk 01:27:48]}
{[%emt 00:02:42]} 12. d4 {[%clk 01:16:45]} {[%emt 00:06:47]} exd4 {[%clk
01:26:05]} {[%emt 00:02:13]} 13. exd4 {[%clk 01:15:24]} {[%emt 00:01:51]} Bd7
{[%clk 01:25:31]} {[%emt 00:01:04]} 14. Nd5 {[%clk 01:11:08]} {[%emt 00:04:47]}
Nxd5 {[%clk 01:24:52]} {[%emt 00:01:08]} 15. cxd5 {[%clk 01:10:03]} {[%emt
00:01:34]} Ne7 {[%clk 01:24:31]} {[%emt 00:00:50]} 16. Qb3 {[%clk 01:08:07]}
{[%emt 00:02:27]} O-O-O {[%clk 01:24:12]} {[%emt 00:00:50]} 17. Qc4 {[%emt
00:04:07]} Nf5 {[%clk 01:11:41]} {[%emt 00:13:29]} 18. Be4 {[%clk 01:05:06]}
{[%emt 00:02:12]} Qf6 {[%clk 01:11:42]} {[%emt 00:00:27]} 19. b4 {[%clk
01:03:17]} {[%emt 00:02:22]} Nxd4 {[%clk 01:11:35]} {[%emt 00:00:36]} 20. Be3
{[%clk 01:00:53]} {[%emt 00:02:54]} Nxe2+ {[%clk 01:10:43]} {[%emt 00:01:22]}
21. Qxe2 {[%clk 01:00:31]} {[%emt 00:00:51]} Bxe3+ {[%clk 01:02:49]} {[%emt
00:08:25]} 22. Qxe3 {[%clk 01:00:16]} {[%emt 00:00:45]} b6 {[%clk 00:58:02]}
{[%emt 00:05:17]} 23. a5 {[%clk 00:58:55]} {[%emt 00:01:51]} b5 {[%clk
00:57:11]} {[%emt 00:01:22]} 24. Qa7 {[%clk 00:59:01]} {[%emt 00:00:23]} Be8
{[%clk 00:49:04]} {[%emt 00:08:37]} 25. Rac1 {[%clk 00:57:49]} {[%emt
00:01:42]} c5 {[%clk 00:39:00]} {[%emt 00:10:33]} 26. Qxa6+ {[%clk 00:55:38]}
{[%emt 00:02:42]} Kb8 {[%clk 00:38:43]} {[%emt 00:00:48]} 27. Qb6+ {[%clk
00:55:46]} {[%emt 00:00:21]} Kc8 {[%clk 00:39:03]} {[%emt 00:00:10]} 28. bxc5
{[%clk 00:54:37]} {[%emt 00:01:39]} Qd4+ {[%clk 00:39:23]} {[%emt 00:00:10]}
29. Kh2 {[%clk 00:54:58]} {[%emt 00:00:09]} Qd2+ {[%clk 00:39:31]} {[%emt
00:00:22]} 30. Bg2 {[%clk 00:55:02]} {[%emt 00:00:26]} Bc6 {[%clk 00:25:34]}
{[%emt 00:14:27]} 31. Qxc6+ {[%clk 00:55:21]} {[%emt 00:00:12]} Kb8 {[%clk
00:25:39]} {[%emt 00:00:25]} 32. Qxb5+ {[%clk 00:55:12]} {[%emt 00:00:39]} Ka7
{[%clk 00:25:59]} {[%emt 00:00:10]} 33. Qb6+ {[%clk 00:55:32]} {[%emt
00:00:10]} Ka8 {[%clk 00:26:14]} {[%emt 00:00:15]} 34. Qc6+ {[%clk 00:55:32]}
{[%emt 00:00:29]} Ka7 {[%clk 00:26:29]} {[%emt 00:00:16]} 35. Qc7+ {[%clk
00:55:27]} {[%emt 00:00:35]} Ka8 {[%clk 00:26:50]} {[%emt 00:00:08]} 36. Rb1
{[%clk 00:55:05]} {[%emt 00:00:52]} Rb8 {[%clk 00:27:02]} {[%emt 00:00:17]} 37.
Qc6+ {[%clk 00:55:19]} {[%emt 00:00:18]} Ka7 {[%clk 00:27:18]} {[%emt
00:00:14]} 38. a6 {[%clk 00:54:38]} {[%emt 00:01:11]} h4 {[%clk 00:26:37]}
{[%emt 00:01:11]} 39. Rb7+ {[%clk 00:54:43]} {[%emt 00:00:24]} Ka8 {[%clk
00:24:34]} {[%emt 00:02:33]} 40. Rxb8+ {[%clk 00:55:04]} {[%emt 00:00:10]} Kxb8
{[%clk 00:24:57]} {[%emt 00:00:06]} 41. Qb7# {[%emt 00:00:32]} 1-0

[Event "DEM U12w 2024"]
[Site "Willingen GER"]
[Date "2024.05.20"]
[Round "3"]
[White "Rutschmann, Polly"]
[Black "Schille, Marlene"]
[Result "0-1"]
[Termination "normal"]
[Board "22"]
[WhiteElo "966"]
[BlackElo "1228"]
[WhiteClock "00:56:50"]
[BlackClock "01:07:37"]
[PlyCount "60"]
[WhiteFideId "34621261"]
[BlackFideId "533000670"]
[EventCountry "GER"]
[EventRounds "9"]
[EventType "swiss"]
[EventDate "2024.05.18"]

1. d4 {[%clk 01:30:55]} {[%emt 00:00:04]} Nf6 {[%clk 01:30:51]} {[%emt
00:00:09]} 2. Bf4 {[%clk 01:31:15]} {[%emt 00:00:09]} d6 {[%clk 01:30:25]}
{[%emt 00:00:57]} 3. e3 {[%clk 01:31:24]} {[%emt 00:00:21]} a6 {[%clk
01:30:26]} {[%emt 00:00:30]} 4. Nf3 {[%clk 01:31:27]} {[%emt 00:00:26]} Nc6
{[%clk 01:29:52]} {[%emt 00:01:05]} 5. Bd3 {[%clk 01:31:24]} {[%emt 00:00:32]}
Bg4 {[%clk 01:29:46]} {[%emt 00:00:37]} 6. c3 {[%clk 01:31:23]} {[%emt
00:00:31]} h6 {[%clk 01:29:26]} {[%emt 00:00:50]} 7. h3 {[%clk 01:31:18]}
{[%emt 00:00:34]} Bxf3 {[%clk 01:26:15]} {[%emt 00:03:42]} 8. Qxf3 {[%clk
01:31:03]} {[%emt 00:00:44]} e5 {[%clk 01:26:06]} {[%emt 00:00:40]} 9. Bh2
{[%clk 01:29:03]} {[%emt 00:02:29]} Qe7 {[%clk 01:25:13]} {[%emt 00:01:24]} 10.
Bc4 {[%clk 01:23:40]} {[%emt 00:05:53]} exd4 {[%clk 01:24:12]} {[%emt
00:01:30]} 11. cxd4 {[%clk 01:20:59]} {[%emt 00:03:11]} Nxd4 {[%clk 01:22:35]}
{[%emt 00:02:07]} 12. Qd1 {[%clk 01:15:53]} {[%emt 00:05:34]} Qe4 {[%clk
01:18:34]} {[%emt 00:04:34]} 13. Rg1 {[%clk 01:13:09]} {[%emt 00:03:14]} Nc2+
{[%clk 01:17:05]} {[%emt 00:01:58]} 14. Kf1 {[%clk 01:12:04]} {[%emt 00:01:34]}
Qxc4+ {[%emt 00:02:33]} 15. Qe2 {[%clk 01:10:05]} {[%emt 00:00:24]} Qc5 {[%clk
01:15:25]} {[%emt 00:02:11]} 16. Nc3 {[%clk 01:09:23]} {[%emt 00:01:13]} Nxa1
{[%clk 01:15:11]} {[%emt 00:00:45]} 17. Qd1 {[%clk 01:06:49]} {[%emt 00:03:04]}
Qc4+ {[%clk 01:14:29]} {[%emt 00:01:13]} 18. Qe2 {[%clk 01:06:37]} {[%emt
00:00:39]} Qb4 {[%clk 01:13:51]} {[%emt 00:01:00]} 19. Qd2 {[%clk 01:03:16]}
{[%emt 00:03:59]} Ne4 {[%clk 01:12:26]} {[%emt 00:01:57]} 20. Qc1 {[%clk
01:02:44]} {[%emt 00:01:02]} Nxc3 {[%clk 01:10:34]} {[%emt 00:02:22]} 21. bxc3
{[%clk 01:02:42]} {[%emt 00:00:31]} Qc4+ {[%clk 01:10:28]} {[%emt 00:00:37]}
22. Ke1 {[%clk 01:02:11]} {[%emt 00:01:00]} Qxa2 {[%clk 01:10:27]} {[%emt
00:00:32]} 23. Qd1 {[%clk 00:57:32]} {[%emt 00:05:10]} Nc2+ {[%clk 01:09:53]}
{[%emt 00:01:04]} 24. Kf1 {[%clk 00:57:34]} {[%emt 00:00:27]} Qc4+ {[%clk
01:09:24]} {[%emt 00:00:59]} 25. Qe2 {[%clk 00:57:45]} {[%emt 00:00:18]} Qxc3
{[%clk 01:09:39]} {[%emt 00:00:16]} 26. Qd1 {[%clk 00:57:20]} {[%emt 00:00:53]}
Qc4+ {[%clk 01:08:14]} {[%emt 00:01:58]} 27. Qe2 {[%clk 00:57:41]} {[%emt
00:00:08]} Qb3 {[%clk 01:07:59]} {[%emt 00:00:45]} 28. Qd1 {[%clk 00:57:35]}
{[%emt 00:00:36]} Qb5+ {[%clk 01:07:23]} {[%emt 00:01:05]} 29. Qe2 {[%clk
00:57:18]} {[%emt 00:00:47]} Qb1+ {[%clk 01:07:37]} {[%emt 00:00:17]} 30. Qe1
{[%clk 00:56:50]} {[%emt 00:00:17]} Qxe1# {[%clk 01:07:37]} 0-1